| 000 | 00969nam a2200241 a 4500 | ||
|---|---|---|---|
| 001 | 48523 | ||
| 003 | BD-RjUL | ||
| 005 | 20211209054534.0 | ||
| 008 | 160514s1968 bg a|||| |||| 00| 0 ben d | ||
| 020 | _c:TK. 3.50 | ||
| 035 | _a(BD-RjUL)48642 | ||
| 040 |
_aBD-RjUL _bben _cBD-RjUL |
||
| 041 |
_aben _aben |
||
| 082 |
_223 _a891.44108 _bMOG 1968 |
||
| 100 | 1 |
_aমোস্তফা, গোলাম _9124144 |
|
| 245 | 1 | 0 |
_aগীতি সঞ্চয়ন / _cগোলাম মোস্তফা ; সম্পাদনায় ফিরোজা খাতুন |
| 260 |
_aঢাকা : _bআহমেদ পাবলিশিং হাউস, _c১৯৬৮ |
||
| 300 |
_a[২৮], ১২৬ পৃ. ; _c২১ সেমি. |
||
| 650 |
_aবাংলা _xসংগ্রহ _9126131 _vকবিতা |
||
| 650 |
_aBengali _xCollection _9126132 _v Poetry |
||
| 700 |
_aখাতুন, ফিরোজা (সম্পাদক) _9246671 |
||
| 942 |
_2ddc _cBK |
||
| 999 |
_c48523 _d48523 |
||